00659nam a2200217Ia 4500008004100000020001700041040001400058082002400072100002000096245003300116260004700149300001800196365002800214366000800242505002200250530002800272620005400300630003300354650002100387730003300408100315s9999 xx 000 0 und d a8170126940  cENGLISH  b11107 a346.4207  a"Singh, Avtar " aPrinciples of Mercantile Law aLucknow bEastern book company  c2000  a"clvi,956  " eRupees d1 b325.00  f0  gVaibhav Gaikwad  bDonated by Dr.Murthy   a"Mercantile Law , Principles of Mercantile Law " aPrinciples of Mercantile Law aMercantile Law  aPrinciples of Mercantile Law